000 00218 a2200097 4500
001 30289
100 _aHara, John'o
245 _aThe cape cod lighter
260 _aLondon
_bThe cresset press
_c
090 _c20234
_d20234
942 _aNUST-CAE
_cM
_c11375
999 _c265362
_d265362